=LDR 00000nam 2200000 4500 =001 001089 =005 20250713104521 =035 ##$$a 0010-0725000971 =007 ta =008 250713################a##########0#ind## =020 ##$$a 978-623-472-457-8 =082 ##$$a 398.209 598 =084 ##$$a 398.209 598 KHA h =100 #$$a Khan, Mujahid =245 1#$$a Harimau, Kau di Mana? /$c Mujahid Khan =250 ##$$a cetakan pertama =260 ##$$a jakarta :$b badan pengembangan dan pembinaan bahasa,$c 2022 =300 ##$$a 12 hlm. : $b ilus. ; $c 22,9 cm$e 398.209 598 =650 #4$$a cerita anak indonesia =856 ##$$a TBM AS SUHADA =990 ##$$a TBM202400773